000 00533nam a2200193Ia 4500
003 LDD
008 181029s9999 xx 000 0 und d
020 _a8190339753
_c850.00
040 _cLDD
100 _aMitra, R.K
245 0 _aE. government
_bmacro issues
_cR.K Mitra
260 _aNew Delhi
_bGift Publishing
_c2006
300 _aviii, 335p
365 _b850.00
901 _a4344
_b22-02-2008
902 _a12041
_b07-03-2008
_cF
_dGBH
_e35
903 _aDiscount-15
_bReqst by : Alka Dhameja
942 _2ddc
_cBK
999 _c80830
_d80830